Noida Express/ (Record no. 167202)

MARC details
000 -LEADER
fixed length control field 00545nam a22001937a 4500
005 - DATE AND TIME OF LATEST TRANSACTION
control field 20220216102608.0
010 ## - LCCN (DPL NO)
LC control number ENG-126293
020 ## - INTERNATIONAL STANDARD BOOK NUMBER
Terms of availability 220.00
International Standard Book Number 978-81-9394440-0-0
035 ## - SYSTEM CONTROL NUMBER
System control number EN-109825
037 ## - SOURCE OF ACQUISITION
Source of stock number/acquisition DBAD/PUB
082 ## - DEWEY DECIMAL CLASSIFICATION NUMBER
Classification number N
100 ## - MAIN ENTRY--PERSONAL NAME
Personal name Anand,Jitendra
245 ## - TITLE STATEMENT
Title Noida Express/
Statement of responsibility, etc by Jitendra Anand
260 ## - PUBLICATION, DISTRIBUTION, ETC. (IMPRINT)
Place of publication, distribution, etc U.P.
Name of publisher, distributor, etc Jitendra Anand Infratech Private Limited
Date of publication, distribution, etc 2018
270 ## - ADDRESS
City Noida
Address 2203.Express Trade Towers-2, Sector-132,
Postal code 201304
300 ## - PHYSICAL DESCRIPTION
Extent 142p.
Dimensions 22cm(pbk)
650 ## - SUBJECT ADDED ENTRY--TOPICAL TERM
Topical term or geographic name as entry element ENGLISH NOVEL
942 ## - ADDED ENTRY ELEMENTS (KOHA)
Source of classification or shelving scheme Dewey Decimal Classification
Item type English Books
Classification part N
Call number suffix ANA
Holdings
Withdrawn status Lost status Not for loan Collection code Home library Current library Date acquired Source of acquisition Cost, normal purchase price Full call number Barcode Copy number Cost, replacement price Koha item type
      Fiction Ashok Vihar Ashok Vihar 23/08/2019 DBAD/PUB 220.00 N ANA EN-109825 1 220.00 English Books

© Delhi Public Library
Hit Counter
free hit counter